| 000 | 00859nam a2200253Ia 4500 | ||
|---|---|---|---|
| 003 | OSt | ||
| 005 | 20220923215341.0 | ||
| 006 | a|||||r|||| 00| 0 | ||
| 007 | ta | ||
| 008 | 220922b |||||||| |||| 00| 0 hin d | ||
| 024 | _a178,008 | ||
| 037 | _cTextual | ||
| 040 |
_aARTS _cARTS _bhin |
||
| 041 |
_2hin _ahin |
||
| 082 | _aO152,1:g, J4 | ||
| 100 |
_aतोमर, टीकमसिंह _9156272 |
||
| 245 | 0 |
_aहिन्दी वीरकाव्य _b 16 18 ई |
|
| 246 | _aHindī vīrakāvya: 1600 1800 ī0 | ||
| 260 |
_aइलाहाबाद _b हिन्दुस्तानी एकेडमी _c1956 |
||
| 300 |
_a412 पृ. _ccm. |
||
| 650 |
_aहिन्दी साहित्य _9156264 |
||
| 942 |
_hO152,1:g, J4 _cTEXL _2CC |
||
| 999 |
_c331390 _d331390 |
||